| 000 | 00664nam a2200193 u 4500 | ||
|---|---|---|---|
| 005 | 20230606110058.0 | ||
| 008 | 110202s2008 r 000 0 eng d | ||
| 020 | _a970351507X (10 dígitos) | ||
| 020 | _a9789703515073 (13 dígitos) | ||
| 035 | _aUPN01000179217 | ||
| 049 | _aCE | ||
| 050 | 4 |
_aLA428.7 _bM5.4 |
|
| 245 | 0 | 0 |
_a1968 : _bun archivo inédito. |
| 260 |
_aMéxico : _bCONACULTA : _bEl Universal, _c2008. |
||
| 300 |
_a269 p. : _bil. |
||
| 650 | 4 |
_aEstudiantes universitarios _xActividad política _zCiudad de México _vTrabajos pictóricos _918476 |
|
| 650 | 4 |
_aMovimientos estudiantiles _zCiudad de México _vTrabajos pictóricos _918475 |
|
| 905 | _aLibro | ||
| 999 |
_c151320 _d151320 |
||